• 首页
  • 本馆介绍
  • 公告通知
  • 最新文献
  • 馆藏检索
  • 电子资源
  • 读者导购
  • 参考咨询
  • 我的图书馆
  • 登录
  • 详细信息显示
  • 放入我的书架
  • 预约/预借图书
  • 作者相关作品
  • 分类相关作品
  • 丛书相关作品
  • 出版社相关作品

书目信息

  • 表格格式
  • 工作单格式
  • 卡片格式
题名:
中国海活额寄居蟹科分类学研究
    
 
作者: 沙忠利 , 肖丽婵 , 王永良 编著
分册:  
出版信息: 北京   科学出版社  2015.1
页数: 252页
开本: 25cm
丛书名:
单 册:
中图分类: Q959.223.09
科图分类:
主题词: 蟹类--生物分类学--研究--中国
电子资源:
ISBN: 978-7-03-043141-7
000 01267nam0 2200253 450
001 0400005405
005 20171028172804.0
010    @a978-7-03-043141-7@b精装@dCNY128.00
100    @a20150712d2015 em y0chiy50 ea
101 0  @achi
102    @aCN@b110000
105    @aa z 001yy
106    @ar
200 1  @a中国海活额寄居蟹科分类学研究@Azhong guo hai huo e ji ju xie ke fen lei xue yan jiu@f沙忠利,肖丽婵,王永良编著
210    @a北京@c科学出版社@d2015.1
215    @a252页@c图@d25cm
330    @a本书报告了中国海活额寄居蟹科的形态分类学研究成果,是目前对中国海活额寄居蟹多样性系统而完整的总结。全书包括总论、各论和地理分布特点三个部分:总论部分综述了活额寄居蟹科的分类学地位、形态特征、栖息环境与分布、研究概况等;各论部分记述了中国海活额寄居蟹8属83种,包括每种的准确学名、异名录、标本采集地、形态特征、地理分布及分类学讨论等,并附有形态学特征插图和部分整体照片,以及各级分类单元的检索表;第三部分分析总结了活额寄居蟹的地理分布特点。书后附有参考文献、中文索引和学名索引,便于读者查询。
606 0  @a蟹类@x生物分类学@x研究@y中国
690    @aQ959.223.09@v5
701  0 @a沙忠利@Asha zhong li@4编著
701  0 @a肖丽婵@Axiao li chan@4编著
701  0 @a王永良@Awang yong liang@4编著
801  0 @aCN@b上海新华@c20171028
905    @b1028400-3@dQ959.223.09@e208@f4
    
    中国海活额寄居蟹科分类学研究/沙忠利,肖丽婵,王永良编著.-北京:科学出版社,2015.1
    252页:图;25cm
    
    
    ISBN 978-7-03-043141-7(精装):CNY128.00
    本书报告了中国海活额寄居蟹科的形态分类学研究成果,是目前对中国海活额寄居蟹多样性系统而完整的总结。全书包括总论、各论和地理分布特点三个部分:总论部分综述了活额寄居蟹科的分类学地位、形态特征、栖息环境与分布、研究概况等;各论部分记述了中国海活额寄居蟹8属83种,包括每种的准确学名、异名录、标本采集地、形态特征、地理分布及分类学讨论等,并附有形态学特征插图和部分整体照片,以及各级分类单元的检索表;第三部分分析总结了活额寄居蟹的地理分布特点。书后附有参考文献、中文索引和学名索引,便于读者查询。
●
相关链接 在E读中查询图书 在五车中查询图书 在当当中查询图书 在豆瓣中查询图书


正题名:中国海活额寄居蟹科分类学研究     索取号:Q959.223.09/208         预约/预借

序号 登录号 条形码 馆藏地/架位号 状态 备注
1 1028400   210284002   第二样本阅览室/ [索取号:Q959.223.09/208] 在馆    
2 1028401   210284011   第三借阅区/ [索取号:Q959.223.09/208] 在馆    
3 1028402   210284020   密集书库-生命科学系/ [索取号:Q959.223.09/208] 在馆    
4 1028403   210284039   第三借阅区/ [索取号:Q959.223.09/208] 在馆    
唐山师范学院图书馆 欢迎您!
大连网信软件有限公司© 版权所有